Presidential leadership and national security : Style, institutions and politics

Bibliographic Details
Other Authors: Sarkesian, Sam C.
Format: Book
Published: Boulder : Westview Press , 1984
Subjects:

MARC

LEADER 00000cam a2200000 7i4500
001 0000000109
005 20050625.0
020 |a 0865317755 
040 |a INS 
090 0 0 |a JK558.   |b P74 1984 
245 1 0 |a Presidential leadership and national security :   |b Style, institutions and politics   |c edited by Sam C. Sarkesian 
260 |a Boulder :   |b Westview Press ,   |c 1984 
300 |a xivp :   |b 285p ;   |c 23 cm. 
500 |a Includes index 
650 0 0 |a Presidents   |z United States 
651 0 |a East-west trade (1945) 
651 0 |a United States   |x Foreign economic relations 
700 0 |a Sarkesian, Sam C. 
999 |a 0000002347   |b BOOK   |c Open Shelf   |e Default branch